000 00300nam a22001337a 4500
008 170329b xxu||||| |||| 00| 0 eng d
020 _a0201080966
041 _aeng
080 _a616-053.2
100 _a8
101 _aSHM
245 _aTAKING CARE OF YOUR CHILD
_cPANTELL, R.H
942 _2udc
_cBK
999 _c8969
_d8969